书目信息 |
| 题名: |
C++程序设计基础案例教程
|
|
| 作者: | 于永彦 , 王志坚 , 娄渊胜 主编 | |
| 分册: | ||
| 出版信息: | 北京 北京大学出版社 2009.01 |
|
| 页数: | 311页 | |
| 开本: | 26cm | |
| 丛书名: | ||
| 单 册: | ||
| 中图分类: | TP312C | |
| 科图分类: | ||
| 主题词: | C语言--C yu yan--程序设计--高等教育--教材 | |
| 电子资源: | ||
| ISBN: | 978-7-301-14510-4 | |
| 000 | 01011nam0 2200265 450 | |
| 001 | 012009557427 | |
| 005 | 20090526090438.14 | |
| 010 | @a978-7-301-14510-4@dCNY33.00 | |
| 100 | @a20090526d2009 em y0chiy0120 ea | |
| 101 | 0 | @achi |
| 102 | @aCN@b110000 | |
| 105 | @aak a 000yy | |
| 106 | @ar | |
| 200 | 1 | @aC++程序设计基础案例教程@AC++cheng xu she ji ji chu an li jiao cheng@f于永彦, 王志坚, 娄渊胜主编@Fyu yong yan,wang zhi jian,lou yuan sheng zhu bian |
| 210 | @a北京@c北京大学出版社@d2009.01 | |
| 215 | @a311页@c图@d26cm | |
| 300 | @a21世纪全国应用型本科计算机案例型规划教材 | |
| 330 | @a本书以“C++程序设计”课程体系的基础教材,主要讲述C++语言的基本概念与基本应用,包括数据类型、运算符、表达式、流程控制语句、函数等。 | |
| 606 | 0 | @aC语言@AC yu yan@x程序设计@x高等教育@j教材 |
| 690 | @aTP312C@v4 | |
| 701 | 0 | @a于永彦@Ayu yong yan@4主编 |
| 701 | 0 | @a王志坚@Awang zhi jian@4主编 |
| 701 | 0 | @a娄渊胜@Alou yuan sheng@4主编 |
| 801 | 0 | @aCN@bQSSK@c20090526 |
| 905 | @b743372-74@dTP312C@eY734@f3 | |
| C++程序设计基础案例教程/于永彦, 王志坚, 娄渊胜主编.-北京:北京大学出版社,2009.01 |
| 311页:图;26cm |
| 21世纪全国应用型本科计算机案例型规划教材 |
| ISBN 978-7-301-14510-4:CNY33.00 |
| 本书以“C++程序设计”课程体系的基础教材,主要讲述C++语言的基本概念与基本应用,包括数据类型、运算符、表达式、流程控制语句、函数等。 |
| ● |
| 相关链接 |
|
|
|
正题名:C++程序设计基础案例教程
索取号:TP312C/Y734
 
预约/预借
| 序号 | 登录号 | 条形码 | 馆藏地/架位号 | 状态 | 备注 |
| 1 | 743372 | 207433721 | 自科库301/301自科库 55排1列1层/ [索取号:TP312C/Y734] | 在馆 | |
| 2 | 743373 | 207433730 | 自科二线400A/400A自科库 5排2列4层/ [索取号:TP312C/Y734] | 在馆 | |
| 3 | 743374 | 207433749 | 自科库301/301自科库 55排1列1层/ [索取号:TP312C/Y734] | 在馆 |